Fußball Quiz Bundeliga - Statistiken

Allgemein
  • Dieses Quiz wurde 230 mal gespielt
  • Das Durchschnittsergebnis liegt bei 8 aus 10
Antwortstatistiken
Frage Antwort % Korrekt
Gladbach wurde wie oft Meister der Bundesliga? 5
95%
Wann wurde RB Leipzig gegründet? 2009
94%
Wann wurde der BVB zuletzt Deutscher Meister? 2012
94%
Wie oft gewann der FC Schalke 04 die Bundesliga? 0/nie
90%
Wann wurde der Videobeweis in Deutschland eingeführt? 2017
89%
Wie viele Meisterschafften Gewann der FC Byern München? 33
89%
Wie heißt das Stadion vom VFL Wolfsburg? Volkswagen Arena
67%
Wer war der erste Meister der Bundesliga? FC Köln
65%
Wer war in der Saison 2017/18 zweiter Platz? Schalke 04
62%
Wer war der Toptorschütze im Jahr 2012? Huntelaar
26%
Keine übereinstimmenden Quizze gefunden
Verteilung der Resultate
Anzahl Personen mit jedem Resultat
Perzentil nach korrekt beantworteten Fragen
Ihre Resultats-Entwicklung
Sie haben dieses Quiz noch nicht gespielt